|
|
|
|
| LEADER |
02097nam a2200517 a 4500 |
| 001 |
nkc20051626310 |
| 003 |
CZ PrNK |
| 005 |
20051212163028.0 |
| 007 |
ta |
| 008 |
051010s2005 xr a e f 000 0 cze |
| 015 |
|
|
|a cnb001626310
|
| 020 |
|
|
|a 80-7329-101-0
|q (brož.)
|
| 035 |
|
|
|a (OCoLC)85163494
|
| 040 |
|
|
|a BOA001
|b cze
|d ABA001
|
| 043 |
|
|
|a e------
|a e-xr---
|
| 072 |
|
7 |
|a 00
|x Věda. Všeobecnosti. Základy vědy a kultury. Vědecká práce
|2 Konspekt
|9 12
|
| 080 |
|
|
|a [061:005.56]-027.543
|2 MRF
|
| 080 |
|
|
|a 001.81/.87
|2 MRF
|
| 080 |
|
|
|a (437.3)
|2 MRF
|
| 080 |
|
|
|a (4)
|2 MRF
|
| 080 |
|
|
|a (035)
|2 MRF
|
| 245 |
0 |
0 |
|a 10 let členství České republiky v programu EUREKA /
|c zpracoval kolektiv autorů Pavel Dlouhý ... [et al.]
|
| 246 |
3 |
|
|a Deset let členství České republiky v programu EUREKA
|
| 250 |
|
|
|a Vyd. 1.
|
| 260 |
|
|
|a Ostrava :
|b Repronis,
|c 2005
|
| 300 |
|
|
|a 39 s. :
|b barev. il. ;
|c 25 cm
|
| 500 |
|
|
|a Nad názvem: Asociace inovačního podnikání České republiky
|
| 610 |
2 |
7 |
|a EUREKA (program)
|7 kn20020403011
|2 czenas
|
| 650 |
0 |
7 |
|a mezinárodní programy a projekty
|7 ph136669
|z země Evropské unie
|2 czenas
|
| 650 |
0 |
7 |
|a mezinárodní programy a projekty
|7 ph136669
|z Česko
|2 czenas
|
| 650 |
0 |
7 |
|a výzkumné projekty
|7 ph127480
|z země Evropské unie
|2 czenas
|
| 650 |
0 |
7 |
|a výzkumné projekty
|7 ph127480
|z Česko
|2 czenas
|
| 650 |
0 |
9 |
|a international programs
|z European Union countries
|2 eczenas
|
| 650 |
0 |
9 |
|a international programs
|z Czechia
|2 eczenas
|
| 650 |
0 |
9 |
|a research projects
|z European Union countries
|2 eczenas
|
| 650 |
0 |
9 |
|a research projects
|z Czechia
|2 eczenas
|
| 655 |
|
7 |
|a příručky
|7 fd133209
|2 czenas
|
| 655 |
|
9 |
|a handbooks and manuals
|2 eczenas
|
| 700 |
1 |
|
|a Dlouhý, Pavel,
|d 1946-
|7 mzk2005300647
|4 aut
|
| 710 |
2 |
|
|a Asociace inovačního podnikání České republiky
|7 kn20010724046
|
| 710 |
2 |
|
|a EUREKA (program)
|7 kn20020403011
|
| 910 |
2 |
|
|a BOA001
|b 2-1159.116
|
| 990 |
|
|
|a BK
|
| 995 |
|
|
|a 01
|
| 991 |
|
|
|b 200511
|c NOV
|
| 996 |
6 |
|
|b 2610261658
|c 2-1159.116
|l MZK
|r Sklad / do 1 hodiny
|n 1
|p p.v.
|w 000793714
|u 000010
|a 1
|e BOA001
|j MZK50
|s P
|